000 01410nam a2200349 a 4500
001 ebr10269607
003 CaPaEBR
006 m u
007 cr cn|||||||||
008 070928s2008 kyuabf sb s001 0 eng
010 _z 2007040477
020 _z9780813124797 (hardcover : alk. paper)
020 _z0813124794 (hardcover : alk. paper)
040 _aCaPaEBR
_cCaPaEBR
035 _a(OCoLC)506070416
043 _an-us-ky
050 1 4 _aNA7235.K4
_bM87 2008eb
082 0 4 _a728/.3709769
_222
100 1 _aMurray-Wooley, Carolyn.
245 1 0 _aEarly stone houses of Kentucky
_h[electronic resource] /
_cCarolyn Murray-Wooley.
260 _aLexington, Ky. :
_bUniversity Press of Kentucky,
_cc2008.
300 _aviii, 227 p., 32 p. of plates :
_bill. (some col.), maps.
504 _aIncludes bibliographical references (p. 211-218) and index.
533 _aElectronic reproduction.
_bPalo Alto, Calif. :
_cebrary,
_d2013.
_nAvailable via World Wide Web.
_nAccess may be limited to ebrary affiliated libraries.
650 0 _aArchitecture, Domestic
_zKentucky.
650 0 _aStone houses
_zKentucky.
650 0 _aVernacular architecture
_zKentucky.
651 0 _aKentucky
_xHistory.
655 7 _aElectronic books.
_2local
710 2 _aebrary, Inc.
856 4 0 _uhttp://site.ebrary.com/lib/rucke/Doc?id=10269607
_zAn electronic book accessible through the World Wide Web; click to view
999 _c8511
_d8511